000 00612nam a22001937a 4500
003 OSt
005 20140310182024.0
008 130801t xxu||||| |||| 00| 0 eng d
020 _a0382307321
050 _aPZ 7
_b.L863 1996
082 _aTR 268
_bL87 1996
100 _aLooney, Hollice H.
_97248
245 _aTeach me christian virtues ( grades 4-6) /
_cby Hollice H. Looney ; illustrated by Darcy Tom.
260 _aCarthage, IL :
_bShining Star Publications,
_c1996.
300 _a32 p.;
_c28 cm.
650 _aChristian Virtues
_xstudy and teaching
_97249
942 _2lcc
_cBK-TR
999 _c8424
_d8424